15 Największych miast Irlandii, Walii i Szkocji na Mapie - Statystyki

Ogólne statystyki
  • Ten quiz został rozwiązany 40 razy
  • Średni wynik to 9 z 15
Odpowiedzi na mapie
Odpowiedzi zakodowano w zielono-czerwonej skali na mapie do tego quizu, zgodnie z poniższymi procentami.
 
Statystyki odpowiedzi
Region Miasto Populacja % Poprawnych
Irlandia Dublin 1,2 mln
100%
Szkocja Edynburg 530k
96%
Walia Cardiff 350k
93%
Szkocja Glasgow 630k
89%
Irlandia Północna Belfast 450k
86%
Irlandia Cork 220k
79%
Szkocja Aberdeen 200k
68%
Walia Swansea 170k
64%
Szkocja Dundee 150k
50%
Irlandia Galway 85k
46%
Irlandia Limerick 100k
46%
Irlandia Północna Derry 85k
43%
Walia Newport 130k
21%
Szkocja Paisley 75k
7%
Szkocja East Kilbride 75k
4%
Nie znaleziono quizów pasujących do podanych kryteriów
Rozkład punktacji
Procent ludzi z każdym wynikiem
Percentyl według liczby udzielonych odpowiedzi
Twoja historia wyników
Nie rozwiązałeś tego quizu